000 00882nam a22002537a 4500
003 IIN
005 20250324164522.0
008 250324b |||d|||| |||| 000 0 eng d
020 _a9788131270615
020 _aeISBN: 9788131270622
040 _aIIN
082 _a612
_bMAT
100 _aMathangi, Damal Chandrasekar
245 _aThe Mind Maps in Physiology
_bcomplimentary with Guyton and Hall Textbook of Medical Physiology
_cDamal Chandrasekar Mathangi, Chinmay Jayprakash Shah and Swapnil Paralikar
246 _aGuyton and Hall Textbook of Medical Physiology
250 _a4th S.A. ed.
260 _aNew Delhi
_bElsevier
_c2024
300 _aix, 127 p.
_bill.
500 _aComplimentary book with Guyton and Hall Textbook of Medical Physiology
650 _aPhysiology
_xMedical
700 _aShah, Chinmay Jayprakash
700 _aParalikar, Swapnil
942 _cBOOK
999 _c1689
_d1689